| 000 | 00456nam a22001457a 4500 | ||
|---|---|---|---|
| 005 | 20240306142304.0 | ||
| 008 | 240306b ||||| |||| 00| 0 eng d | ||
| 040 | _cAL | ||
| 041 | _aeng | ||
| 082 |
_223 _a332.3 _bMARK |
||
| 245 | _aMarketing of Financial Services a Case Study of Industrial Credit and Development Syndicate Ltd ICDS Ltd | ||
| 260 |
_aMangalore _bSt Aloysius College _c1996 |
||
| 700 |
_aSHETTY (Shubhashree S) _9153249 |
||
| 942 |
_2ddc _cPRO |
||
| 999 |
_c230107 _d230107 |
||